| 000 | 00924nam a2200301 i 4500 | ||
|---|---|---|---|
| 001 | 91959 | ||
| 003 | ES-MaACL | ||
| 005 | 20250805062606.0 | ||
| 007 | t| | ||
| 008 | 050310s2004 sp ||||1| spa d | ||
| 020 | _a84-7112-495-5 | ||
| 080 | _a316 | ||
| 080 | _a330.342.14 | ||
| 080 | _a321.7 | ||
| 100 | 1 |
_aAlvarez-Uría, Fernando _9179408 |
|
| 245 | 1 | 0 |
_aSociología, capitalismo y democracia _b: génesis e institucionalización de la sociología en Occidente / _cFernando Alvarez-Uría, Julia Varela. |
| 260 |
_aMadrid : _bMorata, _c[2004] |
||
| 300 |
_a391 p. ; _c24 cm. |
||
| 490 | 1 | _aManuales | |
| 504 | _aBibliografía: [375]-391. | ||
| 650 | 7 |
_aSociología _2embne _917195 |
|
| 650 | 1 | 4 |
_aCapitalismo. _910760 |
| 650 | 7 |
_aDemocracia _2embne _911574 |
|
| 700 | 1 |
_aVarela, Julia. _9113140 |
|
| 830 | 0 |
_aManuales _9178657 |
|
| 852 |
_aES-MaACL _jL-29017 _bR.135520 |
||
| 999 |
_c91959 _d91959 |
||